000 00925nac a22002771i 4500
003 EG-ScBUE
005 20241107102509.0
008 241107t1996 caua f b 001 0 eng d
020 _a0534243185 (acidâ‚‹free recycled paper)
020 _a9780534243180
040 _aEG-ScBUE
_beng
_erda
_cEG-ScBUE
_dEG-ScBUE
082 0 4 _a519.2
_bDUR
_222
100 1 _aDurrett, Richard,
_eauthor.
245 1 0 _aProbability :
_btheory and examples /
_cRichard Durrett, Cornell University.
250 _aSecond edition.
264 1 _aBelmont, California :
_bDuxbury Press,
_c[1996]
264 4 _cc1996
300 _axiii, 503 pages :
_billustrations ;
_c25 cm
336 _2rdacontent
_atext
_btxt
337 _aunmediated
_2rdamedia
_bn
338 _avolume
_bnc
_2rdacarrier
504 _aIncludes bibliographical references and index.
650 7 _aProbabilities.
_2BUEsh
655 _vReading book
942 _cBB
_2ddc
999 _c5951
_d5951